Loading...
Fine Arts - Classical Music | 1 | 0.00 | 0% | 0% | 0% |
Fine Arts - Other Fine Arts | 5 | 8.00 | 60% | 20% | 0% |
Fine Arts - Painting & Sculpture | 4 | 12.50 | 100% | 25% | 0% |
History - American History | 2 | 15.00 | 100% | 50% | 0% |
History - European History | 4 | 12.50 | 100% | 25% | 0% |
History - Other History | 6 | 13.33 | 83% | 50% | 0% |
History - World History | 3 | 10.00 | 100% | 0% | 0% |
Literature - British Literature | 1 | 0.00 | 0% | 0% | 0% |
Literature - European Literature | 5 | 8.00 | 60% | 20% | 0% |
Literature - World Literature | 2 | 5.00 | 50% | 0% | 0% |
Mythology | 4 | 7.50 | 50% | 0% | 25% |
Other | 3 | 10.00 | 67% | 33% | 0% |
Philosophy | 3 | 0.00 | 0% | 0% | 0% |
Religion | 3 | 13.33 | 100% | 33% | 0% |
Science - Biology | 3 | 6.67 | 33% | 0% | 33% |
Science - Chemistry | 2 | 5.00 | 50% | 0% | 0% |
Science - Other Science | 1 | 0.00 | 0% | 0% | 0% |
Science - Physics | 1 | 0.00 | 0% | 0% | 0% |
Social Science | 1 | 10.00 | 100% | 0% | 0% |